| 000 | 00424nam a2200181Ia 4500 | ||
|---|---|---|---|
| 008 | 240510s9999 xx 000 0 und d | ||
| 041 | _aEng | ||
| 082 | _a005.756 | ||
| 082 | _bC17 | ||
| 100 | _aCASSIDY P. | ||
| 245 | 0 | _aORACLE 8 SQL PROGRAMMING AND TUNING :( With CD) | |
| 260 | _bNEW DELHI : COMDEX | ||
| 260 | _c1998 | ||
| 300 | _a604 p. | ||
| 650 | _aORACLE : DATABASE SYSTEMS | ||
| 942 | _2ddc | ||
| 942 | _cLBK | ||
| 999 |
_c24300 _d24300 |
||
| 945 |
_a1 _bMadushi Gamage _c1 _dMadushi Gamage |
||